Využitie feroelektrických polymérnych vrstiev pre organické pamäťové prvky

Gespeichert in:
Bibliographische Detailangaben
1. Verfasser: Mičjan, Michal (Verfasst von)
Weitere Verfasser: Weis, Martin (Betreuung Doktorarbeit)
Format: Manuskript Buch
Sprache:Slowakisch
Veröffentlicht: 2016
Schlagworte:
Online-Zugang:http://is.stuba.sk/zp/portal_zp.pl?podrobnosti=131074
Tags: Tag hinzufügen
Keine Tags, Fügen Sie das erste Tag hinzu!

MARC

LEADER 00000ntm a22000003a 4500
001 stuzp54432
003 SK-STU
005 20160721132734.3
007 ta
008 150427s2015----xo-----f-mn---000-0-slo-d
040 |a STU  |b slo 
041 0 |a slo 
044 |a xo 
100 1 |a Mičjan, Michal  |u 033000  |k Z4  |4 aut  |U FEI Fakulta elektrotechniky a informatiky  |T FEI Ústav elektroniky a fotoniky  |X 6212  |U E030  |Y 549  |7 A000006212 
242 0 1 |a Využitie feroelektrických polymérnych vrstiev pre organické pamäťové prvky  |y eng 
245 1 0 |a Využitie feroelektrických polymérnych vrstiev pre organické pamäťové prvky 
260 |c 2016 
300 |a 41 s., príl.,  |b CD-ROM 
650 4 |a P(VDF-TrFE)  |2 slo 
650 4 |a feroelektrické pamäte  |2 slo 
650 4 |a spontánna polarizácia  |2 slo 
650 4 |a P(VDF-TrFE)  |2 eng 
650 4 |a ferroelectric memories  |2 eng 
650 4 |a spontaneous polarization  |2 eng 
700 1 |a Weis, Martin  |u 033000  |k Z2  |4 ths  |U FEI Fakulta elektrotechniky a informatiky  |T FEI Ústav elektroniky a fotoniky  |X 10243  |U E030  |Y 549  |7 A000010243 
856 4 |u http://is.stuba.sk/zp/portal_zp.pl?podrobnosti=131074 
996 |b 284EP11366  |c E*DIPL- 11366  |l EE33  |s P  |a 0  |w stuzp54432_0001 
SQL |a stuzp54432  |b DDP  |c SLO  |d Využitie feroelektrických polymérnych vrstiev pre organické pamäťové prvky  |e 6212  |f Mičjan, Michal  |g 033000  |h 10243  |i Weis, Martin  |j 20160614  |k 1172  |l 03  |m http://is.stuba.sk/zp/portal_zp.pl?podrobnosti=131074  |n I-EN  |o 5.2.13. elektronika